000 00556nam a2200217 a 4500
001 nice12345678
003 IN_TiNIC
005 20260116014026.0
008 070412s2005 lona grp 000 0 eng
020 _a0415359813
_c395
082 0 0 _a324.245408
_bADE
100 _aAdeney, Katharine
245 _aCoalition Politics and Hindu Nationalism
260 _aLondon
_bRoutledge Chapman Hall
_c2005
300 _a294p
500 _aincludes index and biblioraphy
650 _aNationalism
902 _bSRS
942 _cBK
999 _c13558
_d13558